000 00327nam a2200145Ia 4500
100 _aGiles/ Evett
250 _a3
942 _cBK
654 _aFluid
245 _aFluid Mechanics and hydraulics:Schaums outline
260 _bTata Mc Graw hill
_aNew Delhi
_c1994
082 _a532
_bGIL
300 _a378
546 _aENGLISH
999 _c22460
_d22460